Method Validation in Pharmaceutical analysis: (Record no. 4395)

MARC details
000 -LEADER
fixed length control field 00559nam a22001937a 4500
003 - CONTROL NUMBER IDENTIFIER
control field OSt
005 - DATE AND TIME OF LATEST TRANSACTION
control field 20170323190625.0
008 - FIXED-LENGTH DATA ELEMENTS--GENERAL INFORMATION
fixed length control field 160616b xxu||||| |||| 00| 0 eng d
020 ## - INTERNATIONAL STANDARD BOOK NUMBER
International Standard Book Number 3527312552
040 ## - CATALOGING SOURCE
Transcribing agency DMLN
082 ## - DEWEY DECIMAL CLASSIFICATION NUMBER
Classification number QV737 M566s 2005
100 ## - MAIN ENTRY--PERSONAL NAME
Personal name Editd by Joachim, Ermer; John, H. Miller
9 (RLIN) 9457
245 ## - TITLE STATEMENT
Title Method Validation in Pharmaceutical analysis:
Remainder of title a guide to best practice
260 ## - PUBLICATION, DISTRIBUTION, ETC. (IMPRINT)
Place of publication, distribution, etc. Weinheim;
Name of publisher, distributor, etc. Wiley,
Date of publication, distribution, etc. 2005.
300 ## - PHYSICAL DESCRIPTION
Extent xiv,403p;
Other physical details ill;
Dimensions 25cm.
504 ## - BIBLIOGRAPHY, ETC. NOTE
Bibliography, etc includes index.
650 ## - SUBJECT ADDED ENTRY--TOPICAL TERM
Topical term or geographic name as entry element Pharmacuticals
9 (RLIN) 9458
942 ## - ADDED ENTRY ELEMENTS (KOHA)
Source of classification or shelving scheme Other/Generic Classification Scheme
Koha item type Open Shelf
Holdings
Withdrawn status Lost status Source of classification or shelving scheme Damaged status Not for loan Home library Current library Date acquired Source of acquisition Inventory number Total Checkouts Full call number Barcode Date last seen Koha item type Price effective from
    Other/Generic Classification Scheme     MUST Main Library MUST Main Library 16/06/2016   06/28036   QV737M566s 2005 2016-2561 16/06/2016 Open Shelf  
    Other/Generic Classification Scheme     MUST Main Library MUST Main Library 30/06/2016   06/28035   QV737M566s 2005 2016-2900 30/06/2016 Open Shelf  
    Other/Generic Classification Scheme     MUST Main Library MUST Main Library 07/03/2018   2017/40581   QV737 M566s 2005 2018-0165 07/03/2018 Open Shelf 07/03/2018
    Other/Generic Classification Scheme     Pharmacy Department Library Pharmacy Department Library 23/03/2017   11/00208   QV737 M566s 2005 2017-0529 23/03/2017 Short Loan  
    Other/Generic Classification Scheme     Pharmacy Department Library Pharmacy Department Library 23/03/2017   11/00209   QV737 M566s 2005 2017-0530 23/03/2017 Short Loan